00440nam a2200169Ia 4500008004100000020002200041041000800063082001700071100001400088245004000102260003700142300000900179440000600188500002600194650002500220700002500245230125s9999 xx 000 0 und d a978-81-316-0602-5 aeng a658.018bSHE aSherman E aQualitative Research In Social Work c2013bRawat PublicationsaJaipur a520p v1 aResearch methodology; aResearch Methodology aSherman E & Reid W J